| 000 | 00483nam a2200169Ia 4500 | ||
|---|---|---|---|
| 008 | 260520s2023 xx 000 0 und d | ||
| 020 | _a9789388708111 | ||
| 041 | _amar | ||
| 082 | _a080/SHA | ||
| 100 | _aकमाले, प्रदिप | ||
| 245 | _aवनविभाग | ||
| 250 | _a5th ed | ||
| 260 |
_aनागपूर _bसाई ज्योती पब्लिकेशन _c2023 |
||
| 300 | _a538p. | ||
| 500 | _aCat No: 15250 | ||
| 650 | _aCOMPITITIVE EXAM | ||
| 999 |
_c1222250 _d1222250 |
||